Introduction to Electrical and Electronics Engineering : Electrical Group A and B_KTU 2024 Scheme (Record no. 38031)
[ view plain ]
| 000 -LEADER | |
|---|---|
| fixed length control field | 00458nam a22001697a 4500 |
| 082 ## - DEWEY DECIMAL CLASSIFICATION NUMBER | |
| Classification number | 621.3 NAV |
| 100 ## - MAIN ENTRY--AUTHOR NAME | |
| Personal name | Navas K A |
| 100 ## - MAIN ENTRY--AUTHOR NAME | |
| Personal name | Suhail T A |
| 100 ## - MAIN ENTRY--AUTHOR NAME | |
| Personal name | Abhiraj T K |
| 245 ## - TITLE STATEMENT | |
| Title | Introduction to Electrical and Electronics Engineering : Electrical Group A and B_KTU 2024 Scheme |
| 250 ## - EDITION STATEMENT | |
| Edition statement | 1 |
| 260 ## - PUBLICATION, DISTRIBUTION, ETC. (IMPRINT) | |
| Name of publisher | Ilahia Publishers |
| Place of publication | Muvattupuzha |
| Year of publication | 2024 |
| 546 ## - LANGUAGE NOTE | |
| Language note | English |
| 650 ## - SUBJECT ADDED ENTRY--TOPICAL TERM | |
| Topical Term | EEE |
| 942 ## - ADDED ENTRY ELEMENTS (KOHA) | |
| Koha item type | Text Book |
| 952 ## - LOCATION AND ITEM INFORMATION (KOHA) | |
| Damaged status | |
| Not for loan | |
| 952 ## - LOCATION AND ITEM INFORMATION (KOHA) | |
| Damaged status | |
| Not for loan | |
| 952 ## - LOCATION AND ITEM INFORMATION (KOHA) | |
| Damaged status | |
| Not for loan | |
| 952 ## - LOCATION AND ITEM INFORMATION (KOHA) | |
| Damaged status | |
| Not for loan | |
| 952 ## - LOCATION AND ITEM INFORMATION (KOHA) | |
| Damaged status | |
| Not for loan | |
| 952 ## - LOCATION AND ITEM INFORMATION (KOHA) | |
| Damaged status | |
| Not for loan | |
| 952 ## - LOCATION AND ITEM INFORMATION (KOHA) | |
| Damaged status | |
| Not for loan | |
| 952 ## - LOCATION AND ITEM INFORMATION (KOHA) | |
| Damaged status | |
| Not for loan | |
| 952 ## - LOCATION AND ITEM INFORMATION (KOHA) | |
| Damaged status | |
| Not for loan | |
| 952 ## - LOCATION AND ITEM INFORMATION (KOHA) | |
| Damaged status | |
| Not for loan | |
| Withdrawn status | Collection code | Permanent Location | Current Location | Shelving location | Date acquired | Source of acquisition | Cost, normal purchase price | Inventory number | Full call number | Accession Number | Price effective from | Koha item type |
|---|---|---|---|---|---|---|---|---|---|---|---|---|
| Electrical and Electronics Engineering | VAST Central Library | VAST Central Library | S-42/EE | 14/11/2025 | Minerva Books | 175.00 | 85 | 621.3 NAV | 38050 | 19/11/2025 | Text Book | |
| Electrical and Electronics Engineering | VAST Central Library | VAST Central Library | S-42/EE | 14/11/2025 | Minerva Books | 175.00 | 85 | 621.3 NAV | 38051 | 19/11/2025 | Text Book | |
| Electrical and Electronics Engineering | VAST Central Library | VAST Central Library | S-42/EE | 14/11/2025 | Minerva Books | 175.00 | 85 | 621.3 NAV | 38052 | 19/11/2025 | Text Book | |
| Electrical and Electronics Engineering | VAST Central Library | VAST Central Library | S-42/EE | 14/11/2025 | Minerva Books | 175.00 | 85 | 621.3 NAV | 38053 | 19/11/2025 | Text Book | |
| Electrical and Electronics Engineering | VAST Central Library | VAST Central Library | 14/11/2025 | Minerva Books | 175.00 | 85 | 621.3 NAV | 38054 | 19/11/2025 | Text Book | ||
| Electrical and Electronics Engineering | VAST Central Library | VAST Central Library | S-42/EE | 14/11/2025 | Minerva Books | 175.00 | 85 | 621.3 NAV | 38055 | 19/11/2025 | Text Book | |
| Electrical and Electronics Engineering | VAST Central Library | VAST Central Library | S-42/EE | 14/11/2025 | Minerva Books | 175.00 | 85 | 621.3 NAV | 38056 | 19/11/2025 | Text Book | |
| Electrical and Electronics Engineering | VAST Central Library | VAST Central Library | S-42/EE | 14/11/2025 | Minerva Books | 175.00 | 85 | 621.3 NAV | 38057 | 19/11/2025 | Text Book | |
| Electrical and Electronics Engineering | VAST Central Library | VAST Central Library | S-42/EE | 14/11/2025 | Minerva Books | 175.00 | 85 | 621.3 NAV | 38058 | 19/11/2025 | Text Book | |
| Electrical and Electronics Engineering | VAST Central Library | VAST Central Library | S-42/EE | 14/11/2025 | Minerva Books | 175.00 | 85 | 621.3 NAV | 38059 | 19/11/2025 | Text Book |